Регионална библиотека "Любен Каравелов" - Русе

Философские повести (Запис номер 427310)

MARC детайли
000 -Лидер
Контролно поле с фиксирана дължина nam a22 a 4500
003 - Код на организацията, давaща контролен номер
Контролно поле BLK
005 - Дата и час на последна редакция
Контролно поле 20210806164738.0
008 - Елементи от данни с фиксирана дължина
fixed length control field 210806b bu |||||r|||| 00| | bu d
040 ## - Източник на каталожния запис
Идентификатор на билиотеката - собственик на записа BLK
041 ## - Код за език
Код за езика на текст/звукозапис или на отделно заглавие Руски
Код за езика КДБФ Руски
080 ## - УДК
Текстов определител УДК Френска литература
УДК код - определител по УДК 821.133.1
УДК определител -32
УДК - код + определител 821.133.1-32
100 ## - Редна дума - Автор
R(LIN) 1299
Автор Вольтер
Авторска отговорност първи автор
139 ## - Редно поле
Редна дума Вольтер
245 ## - Сведения за заглавието
Заглавие Философские повести
Подзаглавни данни Пер. с фр.; Послесл. Е. Книпович и Б. Песиса
Редно поле (дума) Вольтер
260 ## - Област на издателските данни
9 (RLIN) 438196
Място на издаване, разпространение и проч. Москва
Име на издателя, разпространителя и проч. Гослитиздат
Година на издаване 1954
300 ## - Физическа характеристика
Страници 356 с.
Илюстрации и др. 1 л. портр.
Размери/Мащаб 21 см
380 ## - Жанр
Жанр Худож. лит.
500 ## - Общи забележки
Забележка Содерж. Задиг, или Судьба; Микромегас; Кандид; Простодушный; Царевна вавилонская.
700 ## - Други автори (авторска отговорност)
9 (RLIN) 958
Лично име Книпович, Е.
Автороска отговорност (Описва отношението между автора и произведението) послесл.
700 ## - Други автори (авторска отговорност)
9 (RLIN) 958
Лично име Песис, Борис Аронович
Автороска отговорност (Описва отношението между автора и произведението) послесл.
852 ## - Местоположение
Форматна сигнатура Цб 8.205.42232
Фондова буква Хранилище
999 ## - СИСТЕМНИ КОНТРОЛНИ НОМЕРА
Koha biblionumber 427310
Koha biblioitemnumber 427310
942 ## - АРТИКУЛИ
Вид на библиотечния материал Книги
Скрит в OPAC Не
Периодичен библиозапис Да
944 ## - СЪЗДАВАНЕ И РЕДАКЦИЯ на ЗАПИСА
Създаване/Редакция Създаване
Дата на регистрацията/редакция 2021-08-06
Служител, извършил регистрацията/редакцията А.М.
999 ## - СИСТЕМНИ КОНТРОЛНИ НОМЕРА
Koha biblioitemnumber 427310
Наличности
Код за отписване Код за изгубен артикул Източник на класификационната схема Код за повреда Коз за рестрикции Код за отдаване Артикулен № Име на библиотеката - собственик Име на библиотеката, в която се намира в момента Статус (Текущо местоположение) Дата на вписване в системата Местоположение - отдел Цена в лева Инвентарен номер Систематично азбучна сигнатура Баркод Цена в евро Служебен тип на артикула
  Не е изгубен Universal Decimal Classification Не е повреден само за читалня ползва се в читалня 847273 Регионална библиотека "Любен Каравелов" Русе Регионална библиотека "Любен Каравелов" Русе Хранилище 2021-08-09 Основен фонд - ползва се само за читалня 0.48 5074/54 Цб 8.205.42232 900000072746 0.25 Книги
Vip Innovations Ltd, Rousse, Bulgaria 2025